000 00569nam a22001937a 4500
003 OSt
005 20180116183028.0
008 151216b xxu||||| |||| 00| 0 eng d
020 _a02-546-96-1
024 _202-546-96-1
040 _cLahore LUMS
082 _a174.4 LUM 1990
100 _aSipra N, Intiaz S
245 _aTHE FOREIGN EXCHANGE BEARER CERTIFICATES
_cSipra N, Intiaz S
260 _aLahore LUMS
_b Lahore University of Management Sciences
_c1990
300 _a6 p.
_bPapers
440 _aTHE FOREIGN EXCHANGE BEARER CERTIFICATES
942 _2ddc
_cCS
999 _c350885
_d350885